[Event "AUT-chT 1999/2000"]
[Site "Graz"]
[Date "2000.03.17"]
[Round "9.1"]
[White "Chernin, Alexandere"]
[Black "Hertneck, Gerald"]
[Result "1-0"]
[WhiteElo "2606"]
[BlackElo "2571"]
[PlyCount "89"]
[EventDate "2000.03.17"]

1. Nf3 d5 2. d4 Nf6 3. c4 e6 4. Nc3 Be7 5. Qc2 Nbd7 6. cxd5 exd5 7. Bf4 c6 8.
h3 Nf8 9. e3 Ng6 10. Bh2 Bd6 11. Ne5 O-O 12. f4 Bb4 13. Bd3 c5 14. a3 Qa5 15.
O-O Bxc3 16. Qxc3 Qxc3 17. bxc3 c4 18. Bc2 18... Ne7 {} 19. f5 Ne8 20. Ng4 f6
21. e4 Bd7 22. Ne3 Bc6 23. e5 fxe5 24. dxe5 Rd8 25. a4 d4 26. cxd4 Rxd4 27.
Rad1 Rxd1 28. Rxd1 Nc7 29. g4 Ncd5 30. Nxc4 Nc3 31. Ra1 Rc8 32. Nd6 Rc7 33. e6
Bd5 34. Bd3 Rc5 35. Nb5 Nc8 36. Bf4 Nxb5 37. axb5 Rc3 38. Rc1 Rxc1+ 39. Bxc1
Nd6 40. Bf4 Bc4 41. Bxd6 Bxd3 42. b6 axb6 43. Kf2 h5 44. Kg3 hxg4 45. hxg4 1-0

[Event "AUT-chT 1999/2000"]
[Site "Graz"]
[Date "2000.03.17"]
[Round "9.2"]
[White "Tischbierek, Raj"]
[Black "Stanec, Nikolaus"]
[Result "1/2-1/2"]
[WhiteElo "2544"]
[BlackElo "2495"]
[PlyCount "106"]
[EventDate "2000.03.17"]

1. g3 g6 2. Bg2 Bg7 3. d4 Nf6 4. e4 d6 5. Nc3 O-O 6. Nge2 c6 7. O-O e5 8. a4 a5
9. h3 exd4 10. Nxd4 Na6 11. g4 Re8 12. g5 Nh5 13. Be3 Nc5 14. Qd2 f6 15. h4
fxg5 16. hxg5 Bg4 17. f3 Be6 18. Rad1 Bc4 19. Rfe1 Rf8 20. b3 Ba6 21. Nde2 Ne6
22. Qxd6 Qe8 23. Bh3 Nhf4 24. Nxf4 Nxg5 25. Bd7 25... Qe5 {} 26. Qxe5 Bxe5 27.
Nce2 Nxf3+ 28. Kf2 Nxe1 29. Kxe1 Bxe2 30. Nxe2 Rf3 31. Bc5 h5 32. Be6+ Kh7 33.
Rd7+ Kh6 34. Kd2 Re8 35. Bf7 Rh8 36. Be3+ g5 37. Bd4 Rh7 38. Bxe5 Rhxf7 39.
Rd6+ Kh7 40. Nd4 Rf2+ 41. Kc3 h4 42. Nf5 R2xf5 43. exf5 Rxf5 44. Kd4 Rf2 45.
Ke3 Rxc2 46. Kf3 h3 47. Kg4 h2 48. Rd7+ Kg6 49. Rd6+ Kh7 50. Rd7+ Kg6 51. Rg7+
Kh6 52. Rg8 Re2 53. Rh8+ Kg6 1/2-1/2

[Event "AUT-chT 1999/2000"]
[Site "Graz"]
[Date "2000.03.17"]
[Round "9.3"]
[White "Kindermann, Stefan"]
[Black "Ankerst, Michael"]
[Result "1/2-1/2"]
[WhiteElo "2532"]
[BlackElo "2353"]
[PlyCount "83"]
[EventDate "2000.03.17"]

1. e4 c5 2. Nc3 e6 3. f4 d5 4. Nf3 dxe4 5. Nxe4 Nc6 6. Bb5 Bd7 7. Qe2 Be7 8. f5
Nf6 9. fxe6 Bxe6 10. Nfg5 10... Nxe4 {} 11. Nxe6 fxe6 12. Qxe4 Qd5 13. Qxd5
exd5 14. O-O O-O-O 15. Bxc6 bxc6 16. d3 Rhf8 17. Be3 Kd7 18. c4 Rb8 19. b3 a6
20. Rac1 Rxf1+ 21. Rxf1 Rf8 22. Rxf8 Bxf8 23. Kf2 g6 24. Ke2 Kd6 25. Bf4+ Ke6
26. Kf3 Kf5 27. g4+ Ke6 28. Bc1 Bd6 29. h3 Be5 30. Be3 Bd6 31. Bf2 Bf8 32. Bg3
Be7 33. Bc7 Bf8 34. Bf4 Bg7 35. Be3 Bf8 36. d4 cxd4 37. Bxd4 dxc4 38. bxc4 Bd6
39. Ke4 Bg3 40. Bc3 Bc7 41. Be1 Be5 42. Bf2 1/2-1/2

[Event "AUT-chT 1999/2000"]
[Site "Graz"]
[Date "2000.03.17"]
[Round "9.4"]
[White "Opl, Klaus"]
[Black "Luther, Thomas"]
[Result "1-0"]
[WhiteElo "2340"]
[BlackElo "2508"]
[PlyCount "83"]
[EventDate "2000.03.17"]

1. e4 e6 2. d4 d5 3. e5 c5 4. c3 Nc6 5. Nf3 Bd7 6. Bd3 cxd4 7. cxd4 Qb6 8. O-O
Nxd4 9. Ng5 Nc6 10. Re1 Nb4 11. Bxh7 Be7 12. Bxg8 Rxg8 13. Nc3 Rh8 14. a3 Qa6
15. Nf3 Nd3 16. Re2 Rc8 17. Rd2 Nxc1 18. Rxc1 g6 19. Rd4 Kf8 20. Qd2 Kg7 21. h4
Rc4 22. Rxc4 Qxc4 23. Ne2 Qb5 24. Rc7 Rc8 25. Ned4 {} 25... Rxc7 26. Nxb5 Bxb5
27. b3 Be8 28. a4 Kg8 29. h5 gxh5 30. Qh6 Rc3 31. Nd4 h4 32. Ne2 Rxb3 33. Nf4
Rb4 34. f3 Rxf4 35. Qxf4 b5 36. axb5 Bxb5 37. Qg4+ Kf8 38. Qd4 a6 39. Qb6 Bg5
40. f4 Bxf4 41. Qd8+ Kg7 42. Qf6+ 1-0

[Event "AUT-chT 1999/2000"]
[Site "Graz"]
[Date "2000.03.17"]
[Round "9.5"]
[White "Teske, Henrik"]
[Black "Druckenthaner, Andreas"]
[Result "1-0"]
[WhiteElo "2514"]
[BlackElo "2300"]
[PlyCount "107"]
[EventDate "2000.03.17"]

1. e4 e5 2. Nf3 Nc6 3. Bb5 d6 4. d4 Bd7 5. O-O Nge7 6. d5 Nb8 7. a4 Ng6 8. Na3
a6 9. Bxd7+ Nxd7 10. b4 Nf6 11. Re1 Qd7 12. c4 Qg4 13. h3 Qh5 14. a5 Nh4 15.
Qa4+ Nd7 16. Nxh4 Qxh4 17. Rb1 Rd8 18. Be3 g5 19. b5 g4 20. hxg4 Qxg4 21. f3
Qg3 22. Qc2 Nc5 23. Bf2 Qf4 24. bxa6 bxa6 25. Bxc5 dxc5 26. Qa4+ Ke7 27. Nc2
Kf6 28. Ne3 Bd6 29. Nf5 Rhg8 30. Rb2 Rb8 31. Rf2 Rb4 32. Qc6 Rxc4 33. Nxd6 cxd6
34. Qxd6+ Kg7 35. Qxa6 Rc1 36. Qf1 Rxe1 37. Qxe1 Rb8 38. Rc2 Rb3 39. Qc1 Qg3
40. Qa1 Re3 41. Rf2 c4 42. Qc1 Rb3 43. a6 Rb6 44. Ra2 c3 45. a7 Rb2 46. Rxb2
cxb2 47. Qb1 Qf4 48. Qxb2 Qe3+ 49. Qf2 Qc1+ 50. Kh2 Qh6+ 51. Kg1 Qc1+ 52. Kh2
52... Qh6+ {} 53. Kg3 Qa6 54. Qe3 1-0

[Event "AUT-chT 1999/2000"]
[Site "Graz"]
[Date "2000.03.17"]
[Round "9.6"]
[White "Enigl, Karl"]
[Black "Felsberger, Alfred"]
[Result "1/2-1/2"]
[WhiteElo "2212"]
[BlackElo "2392"]
[PlyCount "75"]
[EventDate "2000.03.17"]

1. Nf3 c5 2. c4 Nf6 3. Nc3 b6 4. g3 Bb7 5. Bg2 e6 6. O-O a6 7. e3 d6 8. b3 Nbd7
9. Bb2 Be7 10. Qe2 O-O 11. Rfd1 Re8 12. d3 Bc6 13. Ne1 Bxg2 14. Nxg2 Qb8 15. a4
Qb7 16. f4 Rad8 17. Rf1 d5 18. Qf3 Qc8 19. e4 d4 20. Ne2 Nb8 21. g4 Nc6 22. g5
Nd7 23. e5 Qc7 24. Ng3 Rb8 25. Bc1 b5 26. axb5 axb5 27. Bd2 bxc4 28. bxc4 Rb2
29. Ne4 Reb8 30. Bc1 R2b3 31. Nd2 R3b7 32. Ne4 Rb1 33. Rxb1 Rxb1 34. Bd2 Rb3
35. Ra1 Bf8 36. Ne1 Rb7 37. Ra6 Rb6 38. Rxb6 {} 1/2-1/2

[Event "AUT-chT 1999/2000"]
[Site "Graz"]
[Date "2000.03.17"]
[Round "9.1"]
[White "Berndt, Stephan"]
[Black "Ribli, Zoltan"]
[Result "1/2-1/2"]
[WhiteElo "2500"]
[BlackElo "2579"]
[PlyCount "49"]
[EventDate "2000.03.17"]

1. e4 c5 2. Nf3 e6 3. d4 cxd4 4. Nxd4 Nc6 5. Nc3 Qc7 6. Be3 a6 7. Bd3 Nf6 8.
O-O Ne5 9. h3 Bc5 10. Kh1 d6 11. f4 Ng6 12. Qe1 O-O 13. f5 Ne5 14. Qh4 Bd7 15.
g4 15... Qb6 {} 16. g5 Nh5 17. Qxh5 Bxd4 18. Bxd4 Qxd4 19. f6 Bc6 20. fxg7
Kxg7 21. Qh6+ Kg8 22. Qf6 Qe3 23. Kh2 Nd7 24. Qh6 Ne5 25. Qf6 1/2-1/2

[Event "AUT-chT 1999/2000"]
[Site "Graz"]
[Date "2000.03.17"]
[Round "9.2"]
[White "Weinzettl, Ernst"]
[Black "Volke, Karsten"]
[Result "1/2-1/2"]
[WhiteElo "2401"]
[BlackElo "2463"]
[PlyCount "103"]
[EventDate "2000.03.17"]

1. e4 c5 2. Nf3 Nc6 3. d4 cxd4 4. Nxd4 e6 5. Nc3 Qc7 6. f4 a6 7. Nxc6 Qxc6 8.
Bd3 b5 9. Qe2 Bb7 10. Bd2 Ne7 11. a3 Ng6 12. O-O Be7 13. Kh1 O-O 14. Rae1 Bh4
15. Rd1 f5 16. Qh5 Bf6 17. Rf3 Ne7 18. Rh3 h6 19. Rg3 Kh7 20. exf5 exf5 21. Re1
g6 22. Qh3 Rf7 23. Be2 Qc5 24. Rd3 d5 25. Bf3 Bc6 26. Be3 {} 26... d4 27. Bf2
Qd6 28. Red1 Qxf4 29. Bxd4 Bxf3 30. Rxf3 Qc7 31. Rfd3 Re8 32. Bxf6 Rxf6 33. Qf3
f4 34. Qe4 Qc6 35. Rd7 Qxe4 36. Nxe4 Re6 37. Nc5 Re2 38. Nxa6 g5 39. Nc7 Rg8
40. Nd5 Rg7 41. Rxe7 Rgxe7 42. Nxe7 Rxe7 43. h3 Re2 44. Rd7+ Kg6 45. Rb7 Kh5
46. Rxb5 Kh4 47. Rb3 Rxc2 48. Kh2 h5 49. Rb4 g4 50. Rxf4 Rxb2 51. Rb4 Rc2 52.
Rb3 1/2-1/2

[Event "AUT-chT 1999/2000"]
[Site "Graz"]
[Date "2000.03.17"]
[Round "9.3"]
[White "Horvath, Tamas"]
[Black "Herzog, Adolf"]
[Result "1/2-1/2"]
[WhiteElo "2394"]
[BlackElo "2399"]
[PlyCount "162"]
[EventDate "2000.03.17"]

1. e4 e6 2. d4 d5 3. Nc3 Bb4 4. e5 c5 5. Nf3 Ne7 6. dxc5 Nd7 7. Bb5 a6 8. Bxd7+
Bxd7 9. Qd4 Qa5 10. Bd2 Rc8 11. O-O Qxc5 12. Qg4 Qc4 13. Qh3 h5 14. Rad1 Nf5
15. Rfe1 Bc5 16. Ne2 Qg4 17. Nf4 Ba7 18. c3 Rc4 19. Ne2 Ra4 20. a3 Bb5 21. Bc1
Re4 22. Ned4 Ba4 23. b3 Rxe1+ 24. Rxe1 Qxh3 25. gxh3 Nxd4 26. Nxd4 Bxd4 27.
cxd4 Bxb3 28. Bd2 Bc4 29. Rb1 b5 30. h4 f6 31. Re1 Kf7 32. f3 Ra8 33. Kf2 a5
34. Kg3 a4 35. Kf4 Rg8 36. Rg1 Rc8 37. Rc1 Re8 38. Bb4 Rg8 39. Rg1 Rc8 40. Rc1
Rh8 41. Rg1 Rh6 42. Bd6 Rh7 43. Bb4 Rh6 44. Bd6 Rh7 45. Rb1 Rh8 46. Rg1 Rc8 47.
Rc1 Rc6 48. Bb4 Rc7 49. Bd6 Rd7 50. Bb4 Ke8 51. Rg1 Bd3 52. exf6 gxf6 53. Rg8+
Kf7 54. Rf8+ Kg6 55. Rg8+ Kh6 56. Rf8 Kg7 57. Re8 Bf5 58. Re7+ Rxe7 59. Bxe7
Bc2 60. Bc5 Kg6 61. Bb4 Bd1 62. Bd6 Kf7 63. Bb4 Ke8 64. Bc5 Kd7 65. Bb4 Bc2 66.
Bf8 Bg6 67. Bb4 Kc6 68. Be7 e5+ 69. dxe5 d4 70. exf6 Kd5 71. Bb4 Be8 72. Ba5
Kc4 73. Bb4 Kd5 74. Ba5 Bf7 75. Bb4 Bg6 76. Kg5 Be8 77. Kf4 Bf7 78. Ba5 Bg6 79.
Kg5 Be8 80. Kf4 Bf7 81. Bb4 81... Be8 1/2-1/2

[Event "AUT-chT 1999/2000"]
[Site "Graz"]
[Date "2000.03.17"]
[Round "9.4"]
[White "Staudner, Oliver"]
[Black "Schwarz, Michael Dkfm."]
[Result "1/2-1/2"]
[WhiteElo "2368"]
[BlackElo "2374"]
[PlyCount "40"]
[EventDate "2000.03.17"]

1. e4 d6 2. d4 Nf6 3. Nc3 c6 4. Be3 Nbd7 5. f3 e5 6. Bc4 b5 7. Bb3 a6 8. a4 b4
9. Nb1 a5 10. Nd2 Nb6 11. Qb1 Be7 12. Qa2 O-O 13. dxe5 dxe5 14. O-O-O Qc7 15.
Ne2 Nfd7 16. Nc4 Nxc4 17. Bxc4 Nb6 18. Bxb6 Qxb6 19. Qb3 Rb8 20. Rhf1 20... Ba6
{} 1/2-1/2

[Event "AUT-chT 1999/2000"]
[Site "Graz"]
[Date "2000.03.17"]
[Round "9.5"]
[White "Danner, Georg"]
[Black "Roth, Peter"]
[Result "1/2-1/2"]
[WhiteElo "2407"]
[BlackElo "2312"]
[PlyCount "58"]
[EventDate "2000.03.17"]

1. d4 d5 2. Nf3 Nc6 3. Bf4 Bg4 4. e3 e6 5. c4 Nf6 6. Nc3 a6 7. Rc1 Bd6 8. Bg3
O-O 9. Be2 dxc4 10. Bxc4 Qe7 11. Bh4 Rfd8 12. O-O h6 13. Be2 Bxf3 14. Bxf3 g5
15. Bg3 e5 16. Bxc6 bxc6 17. dxe5 Bxe5 18. Qa4 Rd6 19. Ne4 Bxg3 20. Nxg3 Qe6
21. Rc5 Nd7 22. Rc2 c5 23. Qe4 Re8 24. Qxe6 Rexe6 25. h3 Rd5 26. Rfc1 f5 27.
Ne2 Red6 28. Nc3 Rd2 29. Kf1 29... Ne5 {Rest unleserlich} 1/2-1/2

[Event "AUT-chT 1999/2000"]
[Site "Graz"]
[Date "2000.03.17"]
[Round "9.6"]
[White "Plank, Franz"]
[Black "Kotz, Heinz Peter"]
[Result "1/2-1/2"]
[WhiteElo "2264"]
[BlackElo "2260"]
[PlyCount "46"]
[EventDate "2000.03.17"]

1. d4 Nf6 2. Nf3 g6 3. c4 Bg7 4. Nc3 O-O 5. e4 d6 6. Be2 e5 7. O-O Nc6 8. d5
Ne7 9. b4 a5 10. Ba3 b6 11. bxa5 Rxa5 12. Bb4 Ra8 13. a4 Ne8 14. Nb5 f5 15. a5
bxa5 16. Rxa5 Rxa5 17. Bxa5 fxe4 18. Nd2 {} 18... e3 19. fxe3 Nf5 20. e4 Ne3
21. Rxf8+ Kxf8 22. Qe1 Bh6 23. Nf1 Bd7 1/2-1/2

[Event "AUT-chT 1999/2000"]
[Site "Graz"]
[Date "2000.03.17"]
[Round "9.1"]
[White "Hickl, Joerg"]
[Black "Lanka, Zigurds"]
[Result "1-0"]
[WhiteElo "2553"]
[BlackElo "2501"]
[PlyCount "91"]
[EventDate "2000.03.17"]

1. g3 g6 2. Bg2 Bg7 3. c4 Nf6 4. Nc3 d6 5. Nf3 a6 6. O-O Nc6 7. Rb1 Bf5 8. d3
Qd7 9. Re1 Bh3 10. Bh1 h6 11. b4 O-O 12. a4 Ng4 13. Qb3 Rae8 14. b5 axb5 15.
axb5 Nd8 16. Ba3 Ne6 17. e3 Kh7 18. Nd2 c5 19. Nd1 f5 20. f3 20... f4 {} 21.
fxg4 Nd4 22. Qa2 Ra8 23. Rc1 Qe6 24. Ne4 Nxb5 25. gxf4 Rxa3 26. Qd2 Nc7 27. g5
b5 28. gxh6 Bxh6 29. cxb5 Nxb5 30. Ndf2 Bf5 31. Rb1 Nc7 32. Ng3 Ra2 33. Qd1 Qf6
34. Re2 Rxe2 35. Qxe2 e5 36. Rb7 Rf7 37. Qb2 Rg7 38. Bf3 Qf8 39. Nxf5 gxf5+ 40.
Kf1 exf4 41. e4 Bg5 42. exf5 Bf6 43. Qa2 Bd4 44. Ng4 Ne8 45. Rb8 Rg8 46. f6 1-0

[Event "AUT-chT 1999/2000"]
[Site "Graz"]
[Date "2000.03.17"]
[Round "9.2"]
[White "Maiwald, Jens-Uwe"]
[Black "Atlas, Valery"]
[Result "1-0"]
[WhiteElo "2507"]
[BlackElo "2465"]
[PlyCount "115"]
[EventDate "2000.03.17"]

1. Nf3 c5 2. g3 b6 3. Bg2 Bb7 4. c4 Nf6 5. O-O e6 6. b3 Be7 7. Bb2 O-O 8. e3 d5
9. d3 Nbd7 10. Qe2 Qc7 11. Nbd2 Rfe8 12. Rac1 Rad8 13. b4 Qb8 14. b5 h6 15. a4
Nh7 16. Rfd1 Bf6 17. Ba1 a5 18. bxa6 Bxa6 19. Bxf6 Nhxf6 20. Nb1 Ne5 21. Nxe5
Qxe5 22. Na3 dxc4 23. dxc4 Nd5 24. Nb5 Nb4 25. Rd2 Bxb5 26. axb5 Qc7 27. Rcd1
Kf8 28. h4 Rxd2 29. Qxd2 Ke7 30. Kf1 Rd8 31. Qxd8+ Qxd8 32. Rxd8 Kxd8 33. Ke2
Ke7 34. Be4 Na2 35. Kd2 Nb4 36. g4 36... Kd6 {} 37. Bb1 Ke7 38. Ke2 Kd6 39.
Kf3 Ke5 40. Kg3 Kf6 41. Kf4 Ke7 42. g5 hxg5+ 43. Kxg5 Kf8 44. e4 Ke7 45. e5 Ke8
46. h5 Kf8 47. h6 gxh6+ 48. Kxh6 Kg8 49. Kg5 Kg7 50. f3 Kg8 51. Kf6 Kf8 52. f4
Ke8 53. Be4 Na2 54. f5 exf5 55. Bd5 Nc3 56. Bxf7+ Kf8 57. Bd5 f4 58. Bf3 1-0

[Event "AUT-chT 1999/2000"]
[Site "Graz"]
[Date "2000.03.17"]
[Round "9.3"]
[White "Bezold, Michael"]
[Black "Gross, David"]
[Result "1-0"]
[WhiteElo "2508"]
[BlackElo "2427"]
[PlyCount "71"]
[EventDate "2000.03.17"]

1. b3 e5 2. Bb2 d6 3. e3 Nf6 4. Nf3 g6 5. d4 exd4 6. Nxd4 Bg7 7. c4 O-O 8. Be2
d5 9. O-O dxc4 10. Bxc4 Nbd7 11. Nd2 Nb6 12. Be2 c5 13. Nb5 Nbd5 14. Nc4 a6 15.
Nc3 b5 16. Nxd5 Nxd5 17. Bxg7 Kxg7 18. Bf3 Be6 19. e4 Nc3 20. Qc2 b4 21. Ne3
Qd4 22. Rac1 Rac8 23. Nd5 c4 24. Nxc3 {} 24... cxb3 25. Ne2 Qe5 26. Qd2 bxa2
27. Nd4 Rxc1 28. Rxc1 b3 29. Bd1 Rb8 30. f4 b2 31. fxe5 bxc1=Q 32. Nxe6+ fxe6
33. Qxc1 Rb1 34. Qc7+ Kg8 35. Qd8+ Kg7 36. Qf6+ 1-0

[Event "AUT-chT 1999/2000"]
[Site "Graz"]
[Date "2000.03.17"]
[Round "9.4"]
[White "Proehl, Holger"]
[Black "Topakian, Raffi"]
[Result "0-1"]
[WhiteElo "2389"]
[BlackElo "2376"]
[PlyCount "88"]
[EventDate "2000.03.17"]

1. e4 e6 2. d4 d5 3. Nd2 a6 4. Ngf3 Nf6 5. Bd3 c5 6. exd5 Qxd5 7. dxc5 Bxc5 8.
O-O Nc6 9. Nb3 Be7 10. c4 Qd8 11. Qe2 e5 12. h3 O-O 13. Bd2 Re8 14. Rad1 Qc7
15. Rfe1 Nd7 16. Ng5 Bxg5 17. Bxg5 Nf8 18. Be4 a5 19. Be3 a4 20. Nd2 Be6 21.
Bd5 Nb4 22. Ne4 Rad8 23. Nc3 {} 23... Bxd5 24. cxd5 e4 25. Rd4 Nd3 26. Rd1 f5
27. Rxa4 Ng6 28. Qf1 Nxb2 29. Rc1 Nxa4 30. Nxa4 Qa5 31. Nb6 f4 32. Bd4 Re7 33.
d6 Rf7 34. Rc7 Rxd6 35. Qc4 Qf5 36. Bc5 Rd1+ 37. Kh2 Ne5 38. Rc8+ Qxc8 39.
Qxf7+ Kxf7 40. Nxc8 Nc4 41. a3 Rd2 42. Kg1 Rd1+ 43. Kh2 Rd5 44. Bb4 e3 0-1

[Event "AUT-chT 1999/2000"]
[Site "Graz"]
[Date "2000.03.17"]
[Round "9.5"]
[White "Gaertner, Guntram"]
[Black "Kleissl, Helmut"]
[Result "1-0"]
[WhiteElo "2398"]
[BlackElo "2279"]
[PlyCount "80"]
[EventDate "2000.03.17"]

1. d4 d6 2. c4 e5 3. Nc3 exd4 4. Qxd4 Nf6 5. b3 Nc6 6. Qd2 g6 7. Bb2 Bg7 8. g3
O-O 9. Bg2 a5 10. Rd1 Be6 11. Nh3 a4 12. Nf4 axb3 13. Nxe6 fxe6 14. axb3 Nd7
15. Na4 Nde5 16. O-O Qe7 17. Ra1 Ra6 18. f4 Nd7 19. Bxg7 Qxg7 20. Rad1 Na5 21.
Qc2 Nc6 22. Qc3 Qxc3 23. Nxc3 Nc5 24. Nb5 Rf7 25. Rb1 Nb4 26. Rb2 Kf8 27. Nc3
Ke7 28. Ne4 Nxe4 29. Bxe4 c6 30. h4 d5 31. Bd3 Ra3 32. Kg2 Kd6 33. h5 {} 33...
gxh5 34. Rh1 Nxd3 35. exd3 Rf5 36. d4 c5 37. dxc5+ Kxc5 38. Re1 h4 39. cxd5
exd5 40. Re7 40... hxg3 {Zeit} 1-0

[Event "AUT-chT 1999/2000"]
[Site "Graz"]
[Date "2000.03.17"]
[Round "9.6"]
[White "Schiestl, Josef"]
[Black "Feistenauer, Fred"]
[Result "1/2-1/2"]
[WhiteElo "2204"]
[BlackElo "2278"]
[PlyCount "38"]
[EventDate "2000.03.17"]

1. e4 d5 2. exd5 Nf6 3. d4 Bg4 4. f3 Bf5 5. c4 e6 6. dxe6 Nc6 7. Be3 Qe7 8. Nc3
O-O-O 9. Qd2 Qb4 10. g4 Bxe6 11. d5 Na5 12. b3 c6 13. O-O-O cxd5 14. g5 Nh5 15.
Nxd5 Qa3+ 16. Qb2 Nc6 17. Bh3 Qa5 18. Kb1 Bc5 19. Bxc5 19... Qxc5 {...} 1/2-1/2

[Event "AUT-chT 1999/2000"]
[Site "Graz"]
[Date "2000.03.17"]
[Round "9.2"]
[White "Loeffler, Stefan"]
[Black "Wach, Markus"]
[Result "1/2-1/2"]
[WhiteElo "2412"]
[BlackElo "2397"]
[PlyCount "136"]
[EventDate "2000.03.17"]

1. Nf3 d5 2. c4 c6 3. e3 Nf6 4. Qc2 e6 5. b3 Nbd7 6. Bb2 Bd6 7. d4 Qe7 8. Nbd2
e5 9. cxd5 Nxd5 10. Be2 O-O 11. O-O Re8 12. Ne4 Bc7 13. Bc4 N7b6 14. dxe5 Bf5
15. Nf6+ Qxf6 16. e4 Bxe4 17. Qxe4 Qf4 18. Bd3 Qxe4 19. Bxe4 Rad8 20. Rfd1 a5
21. Rd2 Nb4 22. Rxd8 Rxd8 23. Bd4 Nd7 24. a3 Na6 25. Bc3 Nac5 26. Bc2 Ne6 27.
Bf5 Ndc5 28. b4 Nb3 29. Re1 Nbd4 30. Be4 Nb5 31. Bb2 axb4 32. axb4 g6 33. g3
Rd7 34. h4 Bd8 35. Bc2 Nbd4 36. Nxd4 Nxd4 37. Rd1 Nf3+ 38. Kf1 Rxd1+ 39. Bxd1
Nd2+ 40. Ke2 Nc4 41. Bc3 Nb6 42. Bb3 Nd5 43. Bd2 Nc7 44. Kd3 Be7 45. Bd1 Na6
46. Kc4 b5+ 47. Kb3 c5 48. Be2 cxb4 49. Bxb5 Nc5+ 50. Kc4 b3 51. Bc1 Ne4 52.
Kxb3 Nxf2 53. Kc4 Ne4 54. Bf4 g5 55. hxg5 Nxg5 56. Bd7 Kg7 57. g4 h6 58. Kd5
Nh7 59. Bd2 Nf8 60. Bf5 Ng6 61. Bc3 Nf8 62. Bd4 Kg8 63. Bc5 Bg5 64. Kd6 Kg7 65.
Bd4 Kg8 66. Bc3 Bh4 67. Bd2 Kg7 68. Be3 68... Bd8 1/2-1/2

[Event "AUT-chT 1999/2000"]
[Site "Graz"]
[Date "2000.03.17"]
[Round "9.3"]
[White "Baumegger, Siegfried"]
[Black "Popovic, Petar"]
[Result "1-0"]
[WhiteElo "2421"]
[BlackElo "2473"]
[PlyCount "73"]
[EventDate "2000.03.17"]

1. e4 c5 2. Nf3 d6 3. d4 cxd4 4. Nxd4 Nf6 5. Nc3 Nc6 6. Bg5 e6 7. Qd2 a6 8.
O-O-O Bd7 9. f4 h6 10. Bh4 g5 11. fxg5 Ng4 12. Be2 Nge5 13. Nf3 Be7 14. Rhg1
14... Qa5 {} 15. g6 Nxg6 16. Bxe7 Ncxe7 17. Qxd6 O-O-O 18. Qd4 Nc6 19. Qe3
Nge5 20. Nxe5 Nxe5 21. Rd2 Bc6 22. Rgd1 Rxd2 23. Rxd2 Nd7 24. g3 Qg5 25. Qd4
Re8 26. Qd6 Nc5 27. b4 Nd7 28. Bxa6 Ne5 29. Be2 f6 30. Nb5 Bxb5 31. Bxb5 Rh8
32. h4 Qe3 33. Bd7+ Nxd7 34. Qxd7+ Kb8 35. Qd6+ Ka8 36. Kb2 Qxe4 37. Rd3 1-0

[Event "AUT-chT 1999/2000"]
[Site "Graz"]
[Date "2000.03.17"]
[Round "9.4"]
[White "Lau, Ralf"]
[Black "Freitag, Manfred"]
[Result "1-0"]
[WhiteElo "2502"]
[BlackElo "2373"]
[PlyCount "63"]
[EventDate "2000.03.17"]

1. e4 c5 2. Nc3 d6 3. f4 Nc6 4. Nf3 g6 5. Bb5 Bg7 6. Bxc6+ bxc6 7. d3 Nf6 8. h3
Ba6 9. O-O O-O 10. Qe1 Ne8 11. f5 e6 12. Kh1 Nc7 13. fxg6 fxg6 14. e5 14...
dxe5 {} 15. Bg5 Qd7 16. Qh4 Rf5 17. Ne4 Raf8 18. Nxc5 Qd5 19. b4 R8f7 20. c4
Qd6 21. Qe4 Rf8 22. Bd2 Bc8 23. Qe2 h6 24. g4 R5f7 25. Ne4 Qd8 26. Bc3 Nd5 27.
cxd5 exd5 28. Nc5 e4 29. Ne5 Rxf1+ 30. Rxf1 d4 31. Rxf8+ Bxf8 32. Qf2 1-0

[Event "AUT-chT 1999/2000"]
[Site "Graz"]
[Date "2000.03.17"]
[Round "9.5"]
[White "Thinius, Marco"]
[Black "Penz, Harald"]
[Result "0-1"]
[WhiteElo "2356"]
[BlackElo "2403"]
[PlyCount "76"]
[EventDate "2000.03.17"]

1. e4 e5 2. Nc3 Nf6 3. Bc4 Nc6 4. d3 Bc5 5. Nf3 d6 6. O-O Bg4 7. h3 Bh5 8. Bg5
h6 9. Bxf6 Qxf6 10. Nd5 Qd8 11. c3 a6 12. b4 Ba7 13. Re1 O-O 14. Bb3 Kh8 15. g4
Bg6 16. Kg2 Ne7 17. Ne3 Bh7 18. Nf5 Ng6 19. d4 f6 20. Qd2 Nf4+ 21. Kg3 h5 22.
Rad1 g6 23. Ne3 Qc8 24. Nh4 Kg7 25. f3 Bg8 26. Bxg8 Rxg8 27. Nd5 Nxd5 28. exd5
hxg4 29. hxg4 Qd7 30. f4 exf4+ 31. Qxf4 Rae8 32. Re4 Rxe4 33. Qxe4 Qe8 34. Qd3
Rh8 35. Rf1 Rh6 36. Qf3 Qe7 37. Qf4 {} 37... Rxh4 38. Qf2 f5 0-1

[Event "AUT-chT 1999/2000"]
[Site "Graz"]
[Date "2000.03.17"]
[Round "9.1"]
[White "Hoelzl, Franz"]
[Black "Vogt, Lothar"]
[Result "0-1"]
[WhiteElo "2428"]
[BlackElo "2490"]
[PlyCount "90"]
[EventDate "2000.03.17"]

1. Nf3 g6 2. d4 Nf6 3. c4 Bg7 4. Nc3 O-O 5. e4 d6 6. Be3 c5 7. d5 b5 8. cxb5 a6
9. Nd2 e6 10. dxe6 Bxe6 11. h3 Re8 12. e5 Nd5 13. Nxd5 Bxd5 14. Nc4 Bxc4 15.
Bxc4 Qa5+ 16. Bd2 Rxe5+ 17. Kf1 Qc7 18. bxa6 d5 19. Bb5 Re6 20. Bc3 Bxc3 21.
bxc3 Qe5 22. Qd2 Nxa6 23. Bd7 Re7 24. Bg4 Nc7 25. h4 h5 26. Be2 Rae8 27. Bf3
Nb5 28. g3 Nxc3 29. Kg2 Ne4 30. Qc2 c4 31. Rhe1 Qf5 32. a4 {} 32... Nxg3 33.
Rxe7 Rxe7 34. Qb2 Ne4 35. a5 Qf6 36. Qb8+ Kg7 37. Ra2 Qa6 38. Qd8 Qa7 39. a6
Re6 40. Qc8 Nc3 41. Ra5 Rf6 42. Ra3 Ne4 43. Ra2 Nd6 44. Qd8 Nf5 45. Bxd5 Rxa6
0-1

[Event "AUT-chT 1999/2000"]
[Site "Graz"]
[Date "2000.03.17"]
[Round "9.2"]
[White "Lehner, Oliver"]
[Black "Horvath, Csaba"]
[Result "1/2-1/2"]
[WhiteElo "2401"]
[BlackElo "2512"]
[PlyCount "127"]
[EventDate "2000.03.17"]

1. Nf3 c5 2. c4 Nf6 3. Nc3 Nc6 4. g3 d5 5. cxd5 Nxd5 6. Bg2 Nc7 7. O-O e5 8. d3
Be7 9. Ne1 O-O 10. f4 exf4 11. Bxf4 Be6 12. Nc2 Nd5 13. Bd2 Qd7 14. Qe1 Rac8
15. Qf2 b6 16. Nxd5 Bxd5 17. Bxd5 Qxd5 18. Ne3 Qe6 19. Nf5 Bf6 20. Bc3 Be5 21.
Qf3 Rc7 22. Rf2 Re8 23. Raf1 Nd4 24. Bxd4 Bxd4 25. Nxd4 cxd4 26. Qf4 Qe5 27. a4
Qxf4 28. Rxf4 Rxe2 29. Rxd4 g6 30. Rf2 Rc1+ 31. Kg2 Rxf2+ 32. Kxf2 Rc2+ 33. Kf3
Rxb2 34. a5 Rxh2 35. axb6 axb6 36. Rb4 h5 37. Rxb6 h4 38. gxh4 38... Rxh4 {}
39. Ke3 Kg7 40. d4 f5 41. Re6 Rh1 42. Ke2 Ra1 43. d5 Ra5 44. Re5 Kf6 45. Re6+
Kg5 46. Rd6 f4 47. Rd8 Kg4 48. d6 g5 49. d7 Rd5 50. Kf2 f3 51. Ke3 Re5+ 52. Kf2
Re2+ 53. Kf1 Rd2 54. Ke1 f2+ 55. Kf1 Kg3 56. Rf8 Rd1+ 57. Ke2 Rxd7 58. Rf3+ Kg4
59. Rxf2 Ra7 60. Kf1 Kh3 61. Rf3+ Kh2 62. Rf2+ Kg3 63. Rg2+ Kf3 64. Rf2+
1/2-1/2

[Event "AUT-chT 1999/2000"]
[Site "Graz"]
[Date "2000.03.17"]
[Round "9.3"]
[White "Moser, Guenter"]
[Black "Videki, Sandor"]
[Result "1/2-1/2"]
[WhiteElo "2315"]
[BlackElo "2443"]
[PlyCount "110"]
[EventDate "2000.03.17"]

1. d4 d5 2. Nf3 Nf6 3. g3 Bg4 4. Bg2 e6 5. O-O Nbd7 6. b3 Be7 7. Bb2 O-O 8. Ne5
Bf5 9. Nd2 c6 10. c4 a5 11. a3 Qb6 12. h3 h6 13. Kh2 Rad8 14. c5 Qc7 15. Ndf3
Ne4 16. Nxd7 Rxd7 17. Ne5 Rdd8 18. f4 Nf6 19. b4 Be4 20. Bf3 Bxf3 21. exf3 Ra8
22. Qd3 b5 23. f5 exf5 24. Qxf5 Ra7 25. Bc3 axb4 26. axb4 Rfa8 27. Rxa7 Rxa7
28. Ra1 Rxa1 29. Bxa1 Bd8 30. Qb1 Nd7 31. Qa2 Nxe5 32. dxe5 Qd7 33. Qc2 Bc7 34.
f4 g6 35. Bd4 h5 36. Kg2 Kh7 37. Qd3 Bd8 38. Qc2 Qc8 39. Qb1 Qd7 40. Qc2 Qe6
41. Qd3 Be7 42. Qc2 Bf8 43. Qd3 Bh6 44. Be3 Qd7 45. Bd2 Qe6 46. Be3 f6 47. exf6
Qxf6 48. Bd4 Qe6 49. Qe3 Qxe3 50. Bxe3 Bg7 51. Bd2 Kg8 52. Kf3 Kf7 53. g4 Ke6
54. Ke3 hxg4 55. hxg4 55... Bb2 1/2-1/2

[Event "AUT-chT 1999/2000"]
[Site "Graz"]
[Date "2000.03.17"]
[Round "9.4"]
[White "Ganaus, Hannes"]
[Black "Steflitsch, Erich"]
[Result "1-0"]
[WhiteElo "2344"]
[BlackElo "2336"]
[PlyCount "79"]
[EventDate "2000.03.17"]

1. d4 Nf6 2. c4 c5 3. d5 b5 4. cxb5 a6 5. bxa6 g6 6. Nc3 Bxa6 7. g3 d6 8. Bg2
Bg7 9. Nf3 Nbd7 10. Rb1 Qa5 11. O-O O-O 12. Bd2 Rfb8 13. Qc2 Nb6 14. b3 Qa3 15.
Bc1 Qa5 16. Rd1 Bc8 17. e4 Ne8 18. Bd2 Bxc3 19. Bxc3 Qxa2 20. Qc1 Nd7 21. e5
Qa3 22. Qh6 {} 22... Rxb3 23. Ra1 Rxc3 24. Rxa3 Rcxa3 25. Ng5 Nf8 26. e6 f6
27. Nxh7 Nxh7 28. Qxg6+ Ng7 29. Qf7+ Kh8 30. Qxe7 Ba6 31. Qxd6 Be2 32. Rc1 c4
33. Qf4 Re8 34. Be4 Ng5 35. Bg2 Nh5 36. Qd2 Bd3 37. h4 Nh7 38. Re1 Ra6 39. Qb4
Ng7 40. d6 1-0